00248 a2200109 4500001000700000020000600007040001100013100002600024240004200050245003700092362000900129168783 a  cMagnum aMelo, Jose Augusto de10aApostila de matematica - 1 partelpor10aApostila de matematica - 1 parte0 a1899